Dret urbanístic : manual del formador / Jordi Gasulla Sabaté manual del formador / Jordi Gasulla Sabaté
Publicado:
Barcelona :
Diputació de Barcelona. Àrea de Presidència. Direcció dels Serveis de Formació ,
2008
Descripción Física:
80 p. : quadres ; 29 cm
Materias:
Dret urbanístic -- Manuals, guies, etc.
MARC
| LEADER | 00000nam a2200000Ia 4500 | ||
|---|---|---|---|
| 001 | 21741 | ||
| 008 | 160829s2008 xx 000 0 cat d | ||
| 080 | |a B-2-183 | ||
| 100 | |a Gasulla Sabaté, Jordi |9 45808 | ||
| 245 | |a Dret urbanístic : |b manual del formador / Jordi Gasulla Sabaté | ||
| 260 | |a Barcelona : |b Diputació de Barcelona. Àrea de Presidència. Direcció dels Serveis de Formació, |c 2008 | ||
| 300 | |a 80 p. : |b quadres ; |c 29 cm | ||
| 650 | |a Dret urbanístic |x Manuals, guies, etc. |9 45809 | ||
| 710 | |a Barcelona (Catalunya : Província). |b Direcció de Serveis de Formació |9 51343 | ||
| 901 | |a Arxiu | ||
| 942 | |n 1 | ||
| 952 | |0 0 |1 0 |4 0 |6 B2183 |7 1 |9 52820 |a Arxiu |b Arxiu |d 2016-12-01 |l 0 |o B-2-183 |p 21741 |r 2016-12-01 00:00:00 |w 2016-12-01 |y ARXIU | ||
| 999 | |c 56669 |d 56669 | ||